| 000 | 00680nam a2200205Ia 4500 | ||
|---|---|---|---|
| 003 | GCL | ||
| 008 | 140319s9999 xx 000 0 ara d | ||
| 040 |
_aGCL / _cGCL |
||
| 082 | 0 | 4 |
_a239.4 _bع غ |
| 100 | 1 | _aعلى احمد الكافورى | |
| 245 | 1 | 0 |
_aغزوة بدر الكبرى فى قضايا معاصرة / _cعلى احمد الكافورى |
| 260 |
_a[S.N] : _bالزهراء للاعلام العربى ، _c1990 |
||
| 300 | _a331 ص | ||
| 490 | _a | ||
| 650 | 0 | 4 | _aالسيرة النبوية |
| 650 | 0 | 4 | _aعصر الجهاد فى سبيل نشر الدعوة |
| 650 | 0 | 4 | _aغزوة بدر |
| 650 | 0 | 4 | _aالغزوات الاسلامية |
| 942 |
_2ddc _cBK |
||
| 999 |
_c56055 _d56055 |
||